Loading...

Aalippazham

Bibliographic Details
Main Author: Narayanan Nair, Pala
Format: Printed Book
Published: Kottayam, Vidyarthimithram 1979
LEADER 003800000a22001210004500
040 |a MAL 
082 |a A1 NAR/A L9;1 
100 |a Narayanan Nair, Pala 
245 |a Aalippazham 
260 |a Kottayam, Vidyarthimithram 
260 |c 1979 
999 |c 20075  |d 20075 
952 |0 0  |1 0  |4 0  |6 A_000000000000000_1_NARA_L91  |7 0  |8 MAL  |9 19890  |a MGUL  |b MGUL  |d 2013-07-16  |l 0  |o A1 NAR/A L9;1  |p 20440  |r 2013-07-16  |w 2013-07-16  |y BK